000
00323nam a2200133Ia 4500
008
100328s9999 xx 000 0 und d
082
_b
33401
100
_a
Frederick Forsyth
245
_a
Devil's Alternative
260
_b
Corgi books
630
_a
Devil's Alternative
730
_a
Devil's Alternative
942
_c
BOOK
999
_c
523877
_d
523874